000 00693nam a2200253 i 4500
001 C2-0115967
003 PPAK
005 20180727105535.0
008 970719s1983 my |||| ||||| | eng d
020 _a0195825233
040 _aPPAK
_beng
_cPPAK
_erda
082 0 4 _a338.17318
_223
090 0 0 _a338.17318
_bFRE
_dG
100 1 _aFredericks, L. J.,
_eauthor
245 1 0 _aRice processing in peninsular Malaysia
264 1 _aKuala Lumpur :
_bOxford University Press ,
_c1983
300 _axiv, 200 pages ;
_c21 cm
336 _2rdacontent
_atext
337 _2rdamedia
_aunmediated
338 _2rdacarrier
_avolume
650 1 0 _aRice - Malaysia
700 _eauthor
942 _ddc
_cB
999 _c30271
_d30271